|
|
|
|
| LEADER |
00659nta a2200193 i 4500 |
| 001 |
dipl115015 |
| 005 |
20210617074047.0 |
| 008 |
210604s2020 hu om 0|| hun d |
| 040 |
|
|
|a SZTE Diploma Repozitórium
|b hun
|
| 041 |
|
|
|a hun
|
| 100 |
1 |
|
|a Bite Vivien
|
| 245 |
1 |
0 |
|a Politikai álhírek
|h [elektronikus dokumentum] /
|c Vivien Bite
|
| 246 |
1 |
0 |
|a Political Fake News
|h [elektronikus dokumentum]
|
| 260 |
|
|
|c 2020
|
| 650 |
|
4 |
|a Jogi és igazgatási tanulmányok
|
| 650 |
|
4 |
|a Social sciences
|
| 650 |
|
4 |
|a Political science
|
| 700 |
1 |
|
|a Szakács Ildikó Réka
|e ths
|
| 856 |
4 |
0 |
|u http://diploma.bibl.u-szeged.hu/id/eprint/115015/1/2020_bite_vivien.pdf
|z Dokumentum-elérés
|